|
|
|
|
| LEADER |
00000nab a2200000 a 4500 |
| 001 |
vtls009466153 |
| 003 |
SK-MaSNL |
| 005 |
20260304220215.0 |
| 008 |
090128c20090117xo dr|p|||||||000 b|slo |
| 015 |
|
|
|a SNBRB2009/02
|2 snkbucl
|
| 038 |
|
|
|a SNKBUCL
|
| 040 |
|
|
|a SNKBUCL
|b slo
|c SNKBUCL
|e AACR2
|
| 041 |
0 |
|
|a slo
|
| 044 |
|
|
|a xo
|c SK
|
| 080 |
|
|
|a 796.332.071
|2 2001
|
| 100 |
1 |
|
|a Šurin, Peter
|4 ivr
|4 aut
|9 571511
|
| 245 |
1 |
0 |
|a Nie som zradca Nitry
|b s Ľubomírom Moravčíkom, futbalovým internacionálom, bývalým trénerom Zlatých Moraviec
|c [zhováral sa] Peter Šurin
|
| 300 |
|
|
|b Fotogr.
|
| 600 |
1 |
7 |
|a Moravčík, Ľubomír,
|d 1965-
|2 snkbucl
|9 234799
|
| 655 |
|
7 |
|a rozhovory
|2 snkbucl
|9 31831
|
| 700 |
1 |
|
|a Moravčík, Ľubomír,
|d 1965-
|4 ive
|4 aut
|9 234799
|
| 773 |
0 |
|
|t Šport
|g Roč. 63, č. 13 (17.1.2009), s. 4-5
|x 0139-7001
|
| 852 |
|
|
|a SNK
|b KIS3GCP
|
| 999 |
|
|
|c 3150706
|d 3152636
|